[Event "Gorges op 18th"]
[Site "Gorges"]
[Date "2008.07.??"]
[Round "2"]
[White "Dubois, Pierre"]
[Black "Chatelain, Cyrille"]
[Result "1-0"]
[WhiteElo "1840"]
[BlackElo "1690"]
[PlyCount "37"]
[EventDate "2008.07.??"]
[EventType "swiss"]
[EventRounds "7"]
[EventCountry "FRA"]
[SourceTitle "CBM 125 Extra"]
[Source "ChessBase"]
[SourceDate "2008.09.01"]
[SourceVersion "1"]
[SourceVersionDate "2008.09.01"]
[SourceQuality "1"]

1. e4 e5 2. Nf3 Nc6 3. d4 exd4 4. Nxd4 Nge7 5. Bc4 Nxd4 6. Qxd4 Nc6 7. Qd5 Qe7 8. Nc3 d6 9. Bb5 Bd7 10. 0-0 0-0-0 11. Be3 Nb4 12. Qb3 Bxb5 13. Nxb5 c5 14. Nxa7+ Kb8 15. a3 Kxa7 16. axb4+ Kb8 17. bxc5 dxc5 18. Bf4+ Kc8 19. Ra8+ 1-0